000 00401nam a2200133Ia 4500
008 100328s9999 xx 000 0 und d
082 _b23107
100 _aआठवले शंकर कृष्ण
245 _aमदन मंदिर
260 _bमोहनजी शेठ हिरजी
630 _aमदन मंदिर
730 _aमदन मंदिर
942 _cBOOK
999 _c516882
_d516879